000 00561nam a2200241 a 4500
001 nice12345678
003 IN_TiNIC
005 20260116011630.0
008 050524s1971 lona grp 000 0 eng
020 _a
_c100
082 0 0 _a266
_bKEN
100 _aKenya, Limuru
245 _aTime Is Now
_b 23rd Feb to 5th March 1971.
260 _aLondon
_bSPCK
_c1971
300 _a70p
500 _aincludes index and biblioraphy
505 2 _aIndex
650 _aMissions
700 1 _aKenya, Limuru
902 _bSRS
942 _cBK
999 _c3002
_d3002